| 000 | 00772 a2200241 4500 | ||
|---|---|---|---|
| 003 | OSt | ||
| 005 | 20180116192351.0 | ||
| 008 | 120601t xxu||||| |||| 00| 0 eng d | ||
| 020 | _a0714838845 (pbk.) | ||
| 020 | _a9780714838847 | ||
| 040 | _c0 | ||
| 082 | 0 | 4 | _a779.2092 |
| 100 |
_aTestino, Mario. _93759 |
||
| 245 | 1 | 0 |
_aAny objections? / _cMario Testino ; [edited by Edouard Lehmann]. |
| 260 |
_aLondon : _b Phaidon, _cc 1998 |
||
| 300 |
_a1 v. : _b ill. (some col.), ports. ; _c 27 cm. |
||
| 600 | 1 | 4 |
_aTestino, Mario. _93760 |
| 650 | 1 | 0 |
_aFashion photography. _93761 |
| 650 | 1 | 0 |
_aPhotography, Artistic _93762 |
| 700 | 1 |
_4Lehmann, Edouard. _93763 |
|
| 942 |
_aSADA _cBK _k779.2092 TES 1998 _2ddc |
||
| 999 |
_c352939 _d352939 |
||